00000000cas 2200000zi 4500
0019.961900
003CaOODSP
00520260515163313
006m     o  d f      
007cr cn ||||||||
008260414c20179999oncar p o    f0   a0eng|d
022 |a3111-0878
040 |aCaOODSP|beng|erda|cCaOODSP
043 |an-cn---
0861 |aCi1-79E-PDF
1101 |aCanada. |bImmigration, Refugees and Citizenship Canada, |eauthor, |eissuing body.
222 0|aImmigration, Refugees and Citizenship Canada consolidated future-oriented statement of operations for the year ending ...
24510|aImmigration, Refugees and Citizenship Canada consolidated future-oriented statement of operations for the year ending ...
24630|aConsolidated future-oriented statement of operations (unaudited) for the year ending ...
2463 |aImmigration, Refugees and Citizenship Canada consolidated future-oriented statement of operations (unaudited) for the year ending ...
264 1|a[Ottawa] : |bImmigration, Refugees and Citizenship Canada, |c[2017]-
310 |aAnnual
336 |atext|btxt|2rdacontent
337 |acomputer|bc|2rdamedia
338 |aonline resource|bcr|2rdacarrier
3621 |aBegan with: March 31, 2017.
500 |aIssued also in French under title: Immigration, réfugiés et citoyenneté Canada, État des résultats prospectif consolidé (non audité) pour l'exercice se terminant le ...
500 |aSome issues are only available in HTML format.
588 |aDescription based on: March 31, 2017; title from HTML header.
588 |aLatest issue consulted: March 31, 2027.
61010|aCanada. |bImmigration, Refugees and Citizenship Canada|xAppropriations and expenditures|vPeriodicals.
650 0|aFinance, Public|zCanada|xForecasting|vPeriodicals.
655 7|aPeriodicals|2lcgft
77508|tImmigration, réfugiés et citoyenneté Canada, État des résultats prospectif consolidé (non audité) pour l'exercice se terminant le ...|w(CaOODSP)9.961899